000 02210nam a2200289 4500
001 108737
003 DR-UNIBE
005 20260511151125.0
008 220202b2014 dr ||||| |||| 00| 0 spa d
040 _aBIBLIOTECA UNIBE
_cBIBLIOTECA UNIBE
041 _aspa
082 _aRD 342.037293 P426r 2014
100 _953494
_aPeralta Romero, Rafael,
_d1948 -
_eautor
245 _aReformas a la Constitución Política Dominicana 1994-2002-2010 /
_cRafael Peralta Romero, Antoliano Peralta Romero ; prólogo: Ramonina Brea ; diseño de portada: Denis Mota Álvarez
260 _aSanto Domingo :
_bEditorial Gente,
_c2014
300 _a444 páginas
500 _aEn la portada el mural de Aurelio Crosiet en el salón de la Asamblea Nacional, 1957. Incluye prólogo, presentación, anexos, epílogo. Datos de los autores en las solapas, comentario de la obra en la contraportada
504 _aIncluye bibliografía
505 _aPrimera parte. Reforma constitucional de 1994, 19. Reseña histórica, 21. Constitución proclamada en 1994, 37. Anexo I (Ley 16-94), 91. Anexo II (Pacto por la democracia), 97. Anexo III (Declaración de José O. Leger), 103. Anexo IV (Declaración de Frank Moya Pons), 107. Bibliografía, 121. Segunda parte. Reforma constitucional de 2002, 123. Reseña histórica, 125. Constitución proclamada en 2002, 131. Anexo I (Ley 73-02), 195. Anexo II (Buen tino), 201. Bibliografía, 207. Tercera parte. Reforma constitucional de 2010, 209. Reseña histórica, 211. Constitución proclamada en 2010, 237. Anexo I (Decreto 323-06), 379. Anexo II (Ley 70-09), 385. Anexo III (Decreto 24-09), 401. Anexo IV (Discurso de proclamación, Presidente Leonel Fernández), 405. Anexo V (Otro discurso de Leonel Fernández), 425. Bibliografía, 437. Epílogo, 439.
650 _aReformas constitucionales
_zRepública Dominicana
_930189
651 _aRepública Dominicana
_xConstitución
_9622
651 _aRepública dominicana
_xHistoria constitucional
_9194322
700 _9148060
_aPeralta Romero, Antoliano
_eautor
700 _aMota Álvarez, Denis
_cdiseñador de portada
_9204816
700 _aBrea, Ramonina
_926886
_eprologuista
942 _2ddc
_cBK
999 _c108737
_d108737